[Event "CZE-chT2E 1112"]
[Site "Czech Republic"]
[Date "2012.01.08"]
[Round "5.3"]
[White "Gabriel, Adam"]
[Black "Galuska, Josef"]
[Result "1-0"]
[WhiteElo "2090"]
[BlackElo "2124"]
[PlyCount "85"]
[EventDate "2011.10.09"]
[EventType "team-tourn"]
[EventRounds "11"]
[EventCountry "CZE"]
[SourceTitle "EXT 2013"]
[Source "ChessBase"]
[SourceDate "2012.11.22"]
[SourceVersion "1"]
[SourceVersionDate "2012.11.22"]
[SourceQuality "1"]
[WhiteTeam "Borsice"]
[BlackTeam "Veseli nad Moravou"]
[WhiteTeamCountry "CZE"]
[BlackTeamCountry "CZE"]

1. d4 d5 2. Bg5 c6 3. c3 Bf5 4. Nd2 h6 5. Bh4 Nd7 6. f4 Ngf6 7. h3 Qc7 8. e3 e6 9. Ngf3 Ne4 10. g4 Bh7 11. Nxe4 Bxe4 12. Bd3 g5 13. Bg3 Bd6 14. Bxe4 dxe4 15. Ne5 f6 16. Nc4 Nb6 17. Nxd6+ Qxd6 18. Qc2 f5 19. Bh2 Qe7 20. gxf5 exf5 21. 0-0-0 Nd5 22. Qf2 gxf4 23. Bxf4 Nxf4 24. Qxf4 Rf8 25. Qxh6 0-0-0 26. Qf4 Qe6 27. Kb1 Rg8 28. Rdf1 Rdf8 29. Rhg1 Qc4 30. h4 Qf7 31. Qe5 Rg6 32. Rxg6 Qxg6 33. h5 Qxh5 34. Qe6+ Kd8 35. Qd6+ Ke8 36. Qb8+ Ke7 37. Qxb7+ Kd8 38. Qxc6 Qg5 39. Qa8+ Ke7 40. Qxa7+ Ke6 41. Qb6+ Kf7 42. Qc7+ Kg8 43. Qf4 1-0

[Event "CZE-chT2E 1112"]
[Site "Czech Republic"]
[Date "2011.11.06"]
[Round "2.3"]
[White "Fojtik, Tomas"]
[Black "Gabriel, Adam"]
[Result "0-1"]
[WhiteElo "2083"]
[BlackElo "2090"]
[PlyCount "78"]
[EventDate "2011.10.09"]
[EventType "team-tourn"]
[EventRounds "11"]
[EventCountry "CZE"]
[SourceTitle "EXT 2013"]
[Source "ChessBase"]
[SourceDate "2012.11.22"]
[SourceVersion "1"]
[SourceVersionDate "2012.11.22"]
[SourceQuality "1"]
[WhiteTeam "Prusanky Podluzan"]
[BlackTeam "Borsice"]
[WhiteTeamCountry "CZE"]
[BlackTeamCountry "CZE"]

1. d4 b5 2. e3 Bb7 3. Nf3 b4 4. a3 a5 5. Be2 f5 6. 0-0 Nf6 7. c3 e6 8. axb4 axb4 9. Rxa8 Bxa8 10. cxb4 Bxb4 11. Nc3 0-0 12. Qa4 Nc6 13. Qb3 Qe7 14. Bd2 Rb8 15. Qc2 Bd6 16. Nb5 Ne4 17. Nxd6 Nxd2 18. Nxd2 cxd6 19. Ra1 f4 20. Bd3 fxe3 21. Bxh7+ Kh8 22. Nf3 exf2+ 23. Kxf2 Nb4 24. Qc7 Rf8 25. Bb1 Bxf3 26. gxf3 Qh4+ 27. Kg2 Qg5+ 28. Kh1 Qf4 29. Ra3 Nc6 30. Rc3 Nxd4 31. Qc4 d5 32. Qf1 Nxf3 33. Qf2 g6 34. Qc2 Qh4 35. Rxf3 Rxf3 36. Qc8+ Kg7 37. Qxd7+ Rf7 38. Qxe6 Qf4 39. Bd3 Qf3+ 0-1

[Event "CZE-chT2E 1011"]
[Site "Czech Republic"]
[Date "2011.01.23"]
[Round "6.3"]
[White "Gabriel, Adam"]
[Black "Bazant, Petr Sr"]
[Result "0-1"]
[WhiteElo "2148"]
[BlackElo "2226"]
[PlyCount "90"]
[EventDate "2010.10.17"]
[EventType "team-tourn"]
[EventRounds "11"]
[EventCountry "CZE"]
[SourceTitle "EXT 2012"]
[Source "ChessBase"]
[SourceDate "2011.11.24"]
[SourceVersion "1"]
[SourceVersionDate "2011.11.24"]
[SourceQuality "1"]
[WhiteTeam "Borsice"]
[BlackTeam "Stare Mesto II"]
[WhiteTeamCountry "CZE"]
[BlackTeamCountry "CZE"]

1. c4 e6 2. d4 d5 3. Nc3 Nf6 4. Bg5 c5 5. cxd5 Qb6 6. Bxf6 gxf6 7. Qb3 cxd4 8. Qxb6 axb6 9. Nb5 Bb4+ 10. Kd1 0-0 11. Nxd4 Rd8 12. e3 e5 13. Nb3 Rxd5+ 14. Ke2 Bf5 15. g4 Bxg4+ 16. f3 Be6 17. Bh3 Nc6 18. Bxe6 fxe6 19. Nh3 Na5 20. Rhg1+ Kf7 21. e4 Nxb3 22. exd5 Nxa1 23. dxe6+ Kxe6 24. Rxa1 Rc8 25. Kd3 Rd8+ 26. Kc4 Rd4+ 27. Kb3 Bc5 28. Ng1 Rd2 29. Re1 Rxh2 30. Ne2 Rh4 31. Kc2 Bf2 32. Rd1 Rc4+ 33. Kd3 Rc7 34. Rh1 Rd7+ 35. Kc2 Be3 36. Nc3 h6 37. Rh2 Bf4 38. Rg2 h5 39. Ne2 Kf5 40. Ng3+ Bxg3 41. Rxg3 Kf4 42. Rh3 h4 43. Kc3 Ke3 44. Kc4 Rd4+ 45. Kb5 Kf2 0-1

[Event "Stare Mesto op"]
[Site "Stare Mesto"]
[Date "2010.08.21"]
[Round "10"]
[White "Gabriel, Adam"]
[Black "Vecera, Petr"]
[Result "1-0"]
[WhiteElo "2100"]
[BlackElo "1924"]
[PlyCount "29"]
[EventDate "2010.08.13"]
[EventType "swiss"]
[EventRounds "10"]
[EventCountry "CZE"]
[SourceTitle "CBM 138 Extra"]
[Source "ChessBase"]
[SourceDate "2010.10.29"]
[SourceVersion "1"]
[SourceVersionDate "2010.10.29"]
[SourceQuality "1"]

1. c4 e6 2. Nc3 d5 3. d4 Nf6 4. Bg5 Be7 5. Nf3 Nbd7 6. e3 c6 7. cxd5 exd5 8. Bd3 b5 9. Rc1 Nb6 10. Qc2 0-0 11. Bxf6 Bxf6 12. Bxh7+ Kh8 13. Bd3 Bb7 14. Ne2 g6 15. h4 1-0